000 00943nam a2200217 i 4500
001 120496
003 ES-MaACL
005 20250921063031.0
007 t|
008 070214s1910 fr r ||||1| fre d
100 1 _aPitollet, Camille,
_d1874-1964
_992417
245 1 0 _aSur la destinée de quelques manuscrits anciens
_b: contribution áa l'histoire de Fabri de Peirec /
_cpar Camille Pitollet.
260 _aParis :
_bH. Champion,
_c1910.
300 _a15 p. ;
_c28 cm.
490 1 _aBibliothèque de l'Institut français de Florence. 2ème série. Collection d'opuscules de critique et d'histoire ;
_v2
600 1 7 _aPeiresc, Nicolas-Claude Fabri,
_d1580-1637
_2
_9164695
650 4 _aManuscritos griegos.
_9136458
830 0 _aBibliothèque de l'Institut français de Florence. 2ème série. Collection d'opuscules de critique et d'histoire ;
_v2
_9218681
852 _aES-MaACL
_jT-1188-F-11
999 _c120496
_d120496